| 000 | 00616nam a22002057a 4500 | ||
|---|---|---|---|
| 999 |
_c1006 _d1006 |
||
| 001 | 13698 | ||
| 003 | BD-DhUAP | ||
| 005 | 20200129162256.0 | ||
| 008 | 200129s2010 bg ||||| |||| 00| 0 eng d | ||
| 020 | _a9789848777015 | ||
| 040 |
_aBD-DhUAP _bEng _cBD-DhUAP _dBD-DhUAP |
||
| 082 |
_223 _a347.5492 BAB |
||
| 100 | _aBabul, Mohammed Akbar Ameen. | ||
| 245 |
_aLaw of injunctions and stay orders / _cMohammed Akbar Ameen Babul. |
||
| 260 |
_aDhaka : _bThe lawyers, _cc2010. |
||
| 300 |
_axvviii, 246 pages ; _c23 cm. |
||
| 650 |
_a Civil procedure _zbangladesh. |
||
| 650 |
_aInjunctions _zBangladesh. |
||
| 942 |
_2ddc _cBK |
||